Animaux marins par image - Statistiques

Statistiques générales
  • Ce quiz a été pris 347 fois
  • Le résultat moyen est 22 sur 36
Statistiques - réponses
Par images Réponse % Correct
Méduse
96%
Dauphin
94%
Orque
94%
Crabe
92%
Crevette
92%
Hippocampe
90%
Poisson clown
89%
Requin baleine
82%
Béluga
81%
Narval
80%
Homard
77%
Phoque
77%
Raie manta
77%
Baleine bleue
76%
Poulpe
75%
Requin marteau
74%
Thon
72%
Morse
64%
Anguille
61%
Ecrevisse
61%
Cachalot
59%
Grand requin blanc
58%
Anémone
57%
Sardine
55%
Saumon
53%
Murène
50%
Lamantin
44%
Calmar géant
35%
Tortue marine
33%
Seiche
25%
Dugong
23%
Loutre de mer
22%
Raie léopard
16%
Baleine grise
10%
Morue
8%
Poisson téléscope
2%
Aucun quiz correspondant
Distribution des résultats
% des personnes avec chaque résultat
Percentile par nombre de réponses
Votre historique - résultats
Vous n’avez pas pris ce quiz